000 00387nam a2200145Ia 4500
008 230312s9999||||xx |||||||||||||| ||und||
020 _a0-61806026-X
082 _a176
_bSTO-R
100 _aStock;Gregory
245 0 _aRedesigning Humans: Our Inevitable Genetic Future
260 _bHoughton Mifflin Company
_aUSA
_c2002
300 _a277
650 _aMedical
_vBioscience
942 _cBK
999 _c14269
_d14269